Les principes du droit public
Saved in:
| Hovedforfatter: | |
|---|---|
| Format: | Bog |
| Sprog: | fransk |
| Udgivet: |
Madrid
Cultura Hispánica
1946
|
| Fag: | |
| Tags: |
Tilføj Tag
Ingen Tags, Vær først til at tagge denne postø!
|
MARC
| LEADER | 00000nam a2200000 a 4500 | ||
|---|---|---|---|
| 001 | UCT9245 | ||
| 003 | CL-VaPUC | ||
| 008 | 970404e19460000SP |||||||||||||||||fre|d | ||
| 082 | 0 | 4 | |a 343.001 |b VIT |2 21 |
| 100 | 0 | |a Vitoria, Francisco de |e author |9 255729 | |
| 245 | 1 | 4 | |a Les principes du droit public |
| 300 | |a 115 p | ||
| 942 | |c BK | ||
| 945 | |d 19970404 00:00:00 |a paguirre | ||
| 260 | |a Madrid |b Cultura Hispánica |c 1946 | ||
| 650 | 0 | |a Derecho público |9 255910 | |
| 650 | 0 | |a Derecho y sociedad |9 255963 | |
| 650 | 7 | |a SISTEMAS POLITICOS |2 CL-VaPUC |9 381793 | |
| 650 | 0 | |a Poder legislativo |9 258808 | |
| 650 | 0 | |a Derecho internacional |9 255637 | |
| 650 | 0 | |a Guerra |9 255876 | |
| 650 | 0 | |a Agresión bélica |9 372405 | |
| 583 | |a last modification |c 19970404 00:00:00 |k Rodrigo Vera | ||
| 999 | |c 257662 |d 257660 | ||
| 952 | |0 0 |1 0 |4 0 |6 343_001000000000000_VIT_1946 |7 0 |8 A |9 281248 |a BIBDER |b BIBDER |d 2019-11-19 |i 1819364 |o 343.001 VIT 1946 |p 1819364 |r 2023-01-25 |w 2019-11-19 |y BK |k DER | ||